[Event "Hum na Sutli op 15th"]
[Site "Hum na Sutli"]
[Date "2023.08.30"]
[Round "6"]
[White "Hamer, Ivan"]
[Black "Raljic, Mirko"]
[Result "1/2-1/2"]
[WhiteElo "1873"]
[BlackElo "2001"]
[PlyCount "147"]
[EventDate "2023.08.26"]
[EventType "swiss"]
[EventRounds "9"]
[EventCountry "CRO"]
[SourceTitle "EXT 2024"]
[Source "ChessBase"]
[SourceDate "2023.10.10"]
[SourceVersion "1"]
[SourceVersionDate "2023.10.10"]
[SourceQuality "1"]

1. d4 Nf6 2. c4 g6 3. g3 Bg7 4. Bg2 0-0 5. Nf3 d6 6. 0-0 a6 7. Nc3 Nc6 8. h3 Rb8 9. Be3 e5 10. Qd2 exd4 11. Nxd4 Nxd4 12. Bxd4 Be6 13. b3 Qd7 14. Kh2 c6 15. Rad1 b5 16. cxb5 axb5 17. Bxf6 Bxf6 18. Ne4 Be7 19. Qxd6 Qb7 20. Qd4 Rfd8 21. Nf6+ Bxf6 22. Qxf6 Qb6 23. e3 c5 24. Rxd8+ Rxd8 25. Qb2 c4 26. bxc4 Bxc4 27. Rc1 Qa5 28. a3 Rd2 29. Qf6 Qxa3 30. Ra1 Rxf2 31. Qd8+ Qf8 32. Qd4 h5 33. Kg1 Ra2 34. Rd1 Qg7 35. Qxg7+ Kxg7 36. Bd5 Rc2 37. Bxc4 bxc4 38. Rd6 c3 39. Rc6 Kf8 40. Rc7 Ke8 41. g4 hxg4 42. hxg4 Kd8 43. Rc4 Kd7 44. Kf1 Kd6 45. Ke1 Kd5 46. Rd4+ Ke5 47. Kd1 Rg2 48. Rd7 Ke4 49. Rxf7 Kd3 50. Rd7+ Kxe3 51. Rc7 Kd4 52. Rd7+ Ke5 53. Rc7 Rxg4 54. Rxc3 Re4 55. Rf3 g5 56. Rf8 Kd4 57. Rd8+ Ke3 58. Ke1 Kf3+ 59. Kf1 Rb4 60. Rd3+ Kf4 61. Ra3 Kg4 62. Kg2 Rb2+ 63. Kg1 Re2 64. Rb3 Kf4 65. Ra3 Re3 66. Ra1 Kg3 67. Rc1 g4 68. Ra1 Kh3 69. Rb1 Rg3+ 70. Kh1 Rg2 71. Rb3+ Rg3 72. Rb1 Rf3 73. Ra1 Rf2 74. Rb1 1/2-1/2

[Event "Hum na Sutli op 15th"]
[Site "Hum na Sutli"]
[Date "2023.08.28"]
[Round "4"]
[White "Srimf, Silvester"]
[Black "Raljic, Mirko"]
[Result "0-1"]
[WhiteElo "1852"]
[BlackElo "2001"]
[PlyCount "92"]
[EventDate "2023.08.26"]
[EventType "swiss"]
[EventRounds "9"]
[EventCountry "CRO"]
[SourceTitle "EXT 2024"]
[Source "ChessBase"]
[SourceDate "2023.10.10"]
[SourceVersion "1"]
[SourceVersionDate "2023.10.10"]
[SourceQuality "1"]

1. e4 c5 2. Nc3 Nc6 3. Nf3 g6 4. d4 cxd4 5. Nxd4 Bg7 6. Be3 d6 7. Bb5 Bd7 8. 0-0 Nf6 9. f3 0-0 10. a3 a6 11. Bc4 b5 12. Ba2 Rc8 13. Nd5 Ne5 14. Nxf6+ Bxf6 15. c3 Nc4 16. Bh6 Re8 17. Qe2 Qb6 18. Kh1 e5 19. Nb3 a5 20. Rab1 Be6 21. Rfe1 Bh4 22. g3 Be7 23. Kg2 d5 24. Be3 Nxe3+ 25. Qxe3 d4 26. cxd4 exd4 27. Qd2 a4 28. Nc1 Rxc1 29. Rbxc1 Bxa2 30. h4 Bc4 31. e5 Bf8 32. Re4 d3 33. Rce1 h5 34. Kh3 Kh7 35. g4 Bh6 36. g5 Bg7 37. f4 Qe6+ 38. Kh2 Qg4 39. Qf2 Be6 40. R1e3 d2 41. Qxd2 Qxh4+ 42. Kg2 Qg4+ 43. Rg3 Qf5 44. Rge3 Rc8 45. Re1 Qh3+ 46. Kg1 Bf8 0-1

[Event "EU-ch Amateur U2300"]
[Site "Zagreb"]
[Date "2022.08.18"]
[Round "6"]
[White "Raljic, Mirko"]
[Black "Baric, Marko"]
[Result "0-1"]
[WhiteElo "2023"]
[BlackElo "1948"]
[PlyCount "100"]
[EventDate "2022.08.14"]
[EventType "swiss"]
[EventRounds "9"]
[EventCountry "CRO"]
[SourceTitle "CBM 210 Extra"]
[Source "ChessBase"]
[SourceDate "2022.11.30"]
[SourceVersion "1"]
[SourceVersionDate "2022.11.30"]
[SourceQuality "1"]

1. e4 c5 2. Nc3 Nc6 3. f4 g6 4. Nf3 Bg7 5. Bc4 e6 6. d3 Nge7 7. 0-0 d5 8. Bb3 0-0 9. Qe1 Nd4 10. Nxd4 cxd4 11. Ne2 dxe4 12. dxe4 b5 13. Qf2 Bb7 14. e5 Nc6 15. Rd1 Qb6 16. Nxd4 Nxd4 17. Rxd4 Rfd8 18. Be3 Rxd4 19. Bxd4 Qc6 20. c3 a5 21. Bd1 Rc8 22. Bf3 Qa6 23. Rf1 b4 24. Bxb7 Qxb7 25. Qf3 Qb5 26. Rf2 Bf8 27. g3 a4 28. cxb4 Qxb4 29. Qe3 Rd8 30. Rd2 Bc5 31. Bxc5 Qxd2 32. Qxd2 Rxd2 33. Ba3 h5 34. h3 Kg7 35. g4 hxg4 36. hxg4 Rd4 37. Kg2 Rxf4 38. Kg3 Re4 39. Bc5 Kh7 40. b4 axb3 41. axb3 Rxe5 42. b4 g5 43. Kf3 f5 44. gxf5 exf5 45. Bd6 Rd5 46. Bc5 Kg6 47. Ke3 Kf6 48. Bd4+ Ke6 49. Kd3 Rxd4+ 50. Kxd4 Kd6 0-1

[Event "EU-ch Amateur U2300"]
[Site "Zagreb"]
[Date "2022.08.15"]
[Round "2"]
[White "Janiszewski, Maciej"]
[Black "Raljic, Mirko"]
[Result "1/2-1/2"]
[WhiteElo "2075"]
[BlackElo "2023"]
[PlyCount "66"]
[EventDate "2022.08.14"]
[EventType "swiss"]
[EventRounds "9"]
[EventCountry "CRO"]
[SourceTitle "CBM 210 Extra"]
[Source "ChessBase"]
[SourceDate "2022.11.30"]
[SourceVersion "1"]
[SourceVersionDate "2022.11.30"]
[SourceQuality "1"]

1. e4 e5 2. Nf3 Nc6 3. d4 exd4 4. Nxd4 Bc5 5. Nb3 Bb6 6. Qe2 d6 7. Be3 Nf6 8. Nc3 Qe7 9. 0-0-0 Be6 10. h3 0-0-0 11. f4 Bxb3 12. axb3 Nxe4 13. Bxb6 Nxc3 14. Qxe7 Nxe7 15. Re1 axb6 16. Rxe7 Nd5 17. Rxf7 Rd7 18. Rxd7 Kxd7 19. g3 Re8 20. Kd2 c6 21. Bd3 h6 22. Bf5+ Kc7 23. Bg6 Re7 24. f5 Nf6 25. Rg1 b5 26. g4 Ne4+ 27. Kc1 d5 28. h4 Kd6 29. g5 hxg5 30. hxg5 Ke5 31. Re1 Kd6 32. Rg1 Ke5 33. Re1 Kd6 1/2-1/2

[Event "Hum na Sutli op 13th"]
[Site "Hum na Sutli"]
[Date "2019.08.25"]
[Round "3"]
[White "Savanovic, Maksim"]
[Black "Raljic, Mirko"]
[Result "0-1"]
[WhiteElo "1898"]
[BlackElo "2129"]
[PlyCount "90"]
[EventDate "2019.08.24"]
[EventType "swiss"]
[EventRounds "9"]
[EventCountry "CRO"]
[SourceTitle "EXT 2020"]
[Source "ChessBase"]
[SourceDate "2019.10.17"]
[SourceVersion "1"]
[SourceVersionDate "2019.10.17"]
[SourceQuality "1"]

1. d4 Nf6 2. Bf4 g6 3. Nf3 Bg7 4. e3 d6 5. h3 0-0 6. Be2 c6 7. 0-0 Nbd7 8. Bh2 Qb6 9. Qc1 c5 10. c3 cxd4 11. exd4 Nd5 12. Nbd2 e5 13. Re1 Qc7 14. Nc4 b5 15. Ne3 Nxe3 16. Qxe3 a6 17. a4 Rb8 18. axb5 axb5 19. Rad1 Bb7 20. dxe5 dxe5 21. Bxb5 Bxf3 22. Rxd7 Qc8 23. Qxf3 Rxb5 24. Rd2 Bh6 25. Rde2 f6 26. Qd3 Qb8 27. b4 Rd8 28. Qc4+ Kh8 29. Qf7 Rf8 30. Qe6 Rb6 31. Qg4 Qc8 32. Qf3 Rc6 33. Rc2 Rc4 34. Re4 Bg7 35. Rxc4 Qxc4 36. Bg3 Rc8 37. Qb7 h5 38. h4 Rd8 39. b5 Rd1+ 40. Kh2 Qf1 41. Bxe5 Qh1+ 42. Kg3 Rd3+ 43. f3 Qe1+ 44. Kh3 Qxe5 45. Qe4 Qxe4 0-1

[Event "Hum na Sutli op 12th"]
[Site "Hum na Sutli"]
[Date "2018.08.30"]
[Round "8"]
[White "Raljic, Mirko"]
[Black "Pandurevic, Miro"]
[Result "0-1"]
[WhiteElo "2126"]
[BlackElo "2263"]
[PlyCount "76"]
[EventDate "2018.08.25"]
[EventType "swiss"]
[EventRounds "9"]
[EventCountry "CRO"]
[SourceTitle "CBM 186 Extra"]
[Source "ChessBase"]
[SourceDate "2018.08.24"]
[SourceVersion "1"]
[SourceVersionDate "2018.08.24"]
[SourceQuality "1"]

1. e4 Nc6 2. d4 d5 3. e5 Bf5 4. h4 Qd7 5. Be2 h5 6. c3 g6 7. Nh3 f6 8. f4 Nh6 9. Na3 Be4 10. Nf2 0-0-0 11. Nxe4 dxe4 12. Nc2 Nf5 13. Rh3 Bh6 14. Bb5 a6 15. Ba4 b5 16. Bb3 fxe5 17. fxe5 Nxe5 18. Nb4 Nd3+ 19. Nxd3 exd3 20. Bxh6 Rxh6 21. Qxd3 e5 22. Qe4 Kb8 23. d5 Nd6 24. Qe3 Rhh8 25. 0-0-0 e4 26. Bc2 Rde8 27. Qc5 Qg4 28. a4 Qxg2 29. Rhh1 Rhf8 30. Rhg1 Qf2 31. Qb4 e3 32. axb5 e2 33. bxa6+ Ka8 34. Qa5 Qxg1 35. Qxc7 exd1Q+ 36. Bxd1 Qe3+ 37. Kb1 Qe4+ 38. Ka2 Qc4+ 0-1

[Event "CRO-chT2 Center 26th"]
[Site "Croatia"]
[Date "2017.04.02"]
[Round "4.43"]
[White "Orak, Ljubomir"]
[Black "Raljic, Mirko"]
[Result "1/2-1/2"]
[WhiteElo "2273"]
[BlackElo "2101"]
[PlyCount "85"]
[EventDate "2017.03.26"]
[EventType "team-tourn"]
[EventRounds "11"]
[EventCountry "CRO"]
[SourceTitle "EXT 2019"]
[Source "ChessBase"]
[SourceDate "2018.10.10"]
[SourceVersion "1"]
[SourceVersionDate "2018.10.10"]
[SourceQuality "1"]

1. e4 c5 2. Nf3 e6 3. d4 cxd4 4. Nxd4 Nf6 5. Nc3 Bb4 6. e5 Nd5 7. Bd2 Nxc3 8. bxc3 Be7 9. Qg4 g6 10. h4 Nc6 11. Nxc6 dxc6 12. h5 Qa5 13. Qg3 Rf8 14. hxg6 hxg6 15. Rh7 Bd7 16. Bd3 0-0-0 17. Ke2 Bc5 18. Qf4 Rh8 19. Rxf7 Rdf8 20. f3 Be8 21. Rxf8 Rxf8 22. Qg4 Bf7 23. a4 Be7 24. Qe4 g5 25. c4 Bb4 26. Bxb4 Qxb4 27. Qe3 Kb8 28. Qd4 Kc7 29. Rh1 Rd8 30. Qe3 Qxa4 31. Rh7 Rd7 32. Qxg5 Be8 33. Rxd7+ Bxd7 34. Qe7 Qa1 35. Qd6+ Kc8 36. Kf2 Qh1 37. Kg3 Qe1+ 38. Kg4 Qh1 39. g3 Qh6 40. Qe7 a5 41. f4 a4 42. Kf3 Qh1+ 43. Kf2 1/2-1/2

[Event "CRO-chT2 Center 25th"]
[Site "Croatia"]
[Date "2016.11.06"]
[Round "11.33"]
[White "Raljic, Mirko"]
[Black "Hrvacic, Pavle"]
[Result "0-1"]
[WhiteElo "2144"]
[BlackElo "2253"]
[PlyCount "72"]
[EventDate "2016.03.13"]
[EventType "team-tourn"]
[EventRounds "11"]
[EventCountry "CRO"]
[SourceTitle "EXT 2019"]
[Source "ChessBase"]
[SourceDate "2018.10.10"]
[SourceVersion "1"]
[SourceVersionDate "2018.10.10"]
[SourceQuality "1"]

1. e4 e5 2. Nf3 Nc6 3. Bc4 Nf6 4. d3 Be7 5. 0-0 0-0 6. Nc3 d6 7. a3 h6 8. h3 Be6 9. Bxe6 fxe6 10. d4 exd4 11. Nxd4 Qd7 12. Be3 d5 13. exd5 exd5 14. Qd3 Nxd4 15. Bxd4 c6 16. Rae1 Bd6 17. Be5 Rae8 18. Bxd6 Qxd6 19. Rxe8 Rxe8 20. Rd1 Qf4 21. Qd2 Qe5 22. Qd4 Qxd4 23. Rxd4 c5 24. Rd2 d4 25. Nb5 Re1+ 26. Kh2 Ne4 27. Rd3 a6 28. f3 Nf2 29. Rd2 Nd1 30. Nd6 Ne3 31. Rf2 b5 32. Nb7 c4 33. Nc5 Rc1 34. Nxa6 d3 35. cxd3 cxd3 36. Nb4 d2 0-1

[Event "Zagreb Hulak Memorial op 1st"]
[Site "Zagreb"]
[Date "2016.06.11"]
[Round "2"]
[White "Palac, Mladen"]
[Black "Raljic, Mirko"]
[Result "1-0"]
[WhiteElo "2596"]
[BlackElo "2150"]
[PlyCount "83"]
[EventDate "2016.06.10"]
[EventType "swiss"]
[EventRounds "9"]
[EventCountry "CRO"]
[SourceTitle "CBM 173 Extra"]
[Source "ChessBase"]
[SourceDate "2016.08.29"]
[SourceVersion "1"]
[SourceVersionDate "2016.08.29"]
[SourceQuality "1"]

1. e4 c5 2. Nf3 e6 3. Be2 Nc6 4. 0-0 Nf6 5. Nc3 Qc7 6. d4 cxd4 7. Nxd4 a6 8. Be3 d6 9. f4 Bd7 10. a4 Rc8 11. Nb3 Na5 12. Nd2 d5 13. e5 Bc5 14. Bxc5 Qxc5+ 15. Kh1 Ng8 16. Bd3 g6 17. Ne2 Ne7 18. c3 Qc7 19. b4 Nac6 20. Qe1 Nf5 21. Qf2 h5 22. Nb3 h4 23. Kg1 Nce7 24. b5 axb5 25. axb5 b6 26. Ra6 Rb8 27. Rc1 Bc8 28. Ra4 Bb7 29. Ned4 Bc8 30. c4 dxc4 31. Raxc4 Qd8 32. Bxf5 exf5 33. Nc6 Nxc6 34. bxc6 Qe7 35. c7 Rb7 36. Nd4 0-0 37. Nb5 h3 38. gxh3 Qd7 39. Nd6 Ra7 40. Qxb6 Ra2 41. Rd4 Qe6 42. Nxc8 1-0

[Event "CRO Cup"]
[Site "Mali Losinj"]
[Date "2016.05.06"]
[Round "4.122"]
[White "Ljikar, Zoran"]
[Black "Raljic, Mirko"]
[Result "0-1"]
[WhiteElo "2241"]
[BlackElo "2145"]
[PlyCount "144"]
[EventDate "2016.05.04"]
[EventType "team-swiss"]
[EventRounds "6"]
[EventCountry "CRO"]
[SourceTitle "CBM 172 Extra"]
[Source "ChessBase"]
[SourceDate "2016.06.21"]
[SourceVersion "1"]
[SourceVersionDate "2016.06.21"]
[SourceQuality "1"]
[WhiteTeam "Pacetin Sloga"]
[BlackTeam "Velika Gorica"]
[WhiteTeamCountry "CRO"]
[BlackTeamCountry "CRO"]

1. e4 c5 2. Nc3 Nc6 3. g3 g6 4. Bg2 Bg7 5. d3 e6 6. Be3 d6 7. Qd2 Rb8 8. Nge2 Nd4 9. 0-0 b5 10. Nd1 b4 11. c3 bxc3 12. bxc3 Nxe2+ 13. Qxe2 Ne7 14. Qd2 Ba6 15. f4 0-0 16. Nf2 Qa5 17. Rac1 Qa3 18. Nd1 Rb6 19. Bf2 Rfb8 20. Re1 Bxd3 21. e5 d5 22. Ne3 Ba6 23. Nc2 Qa5 24. Qe3 Rc8 25. g4 Rb2 26. Bh4 Qc7 27. Bf6 Kh8 28. f5 exf5 29. Qh6 Rg8 30. Qg5 Bd3 31. Ne3 Re8 32. Qh6 Rg8 33. Qg5 Re8 34. Qh6 Rg8 35. Qg5 Rb7 36. Nxd5 Nxd5 37. Bxd5 Rb2 38. c4 fxg4 39. Re3 Bf5 40. Rb3 Rxb3 41. axb3 Qb6 42. Bxg7+ Kxg7 43. Rf1 h6 44. Qe7 Rf8 45. Rf2 Qa6 46. Rf1 Qb6 47. Rf2 Kg8 48. Rf1 Qxb3 49. Qxc5 Qb6 50. Qxb6 axb6 51. Ra1 Re8 52. Ra6 Rxe5 53. Rxb6 Be6 54. Bxe6 fxe6 55. Rc6 Kf7 56. Kf2 Ke7 57. Rc7+ Kd6 58. Rg7 h5 59. Rxg6 Kc5 60. Rh6 Kxc4 61. Kg3 Kd4 62. Kg2 Kd5 63. Kg3 Re3+ 64. Kg2 Rh3 65. Rh8 e5 66. Rd8+ Ke4 67. Rf8 Rf3 68. Rh8 Rf5 69. Kg3 Ke3 70. Rh7 e4 71. Kg2 Rd5 72. Kg3 Kd2 0-1

[Event "CRO-chT2 Center 25th"]
[Site "Croatia"]
[Date "2016.04.17"]
[Round "6.23"]
[White "Margitic, Zdravko"]
[Black "Raljic, Mirko"]
[Result "1/2-1/2"]
[WhiteElo "2086"]
[BlackElo "2144"]
[PlyCount "86"]
[EventDate "2016.03.13"]
[EventType "team-tourn"]
[EventRounds "11"]
[EventCountry "CRO"]
[SourceTitle "EXT 2019"]
[Source "ChessBase"]
[SourceDate "2018.10.10"]
[SourceVersion "1"]
[SourceVersionDate "2018.10.10"]
[SourceQuality "1"]

1. e4 c5 2. Nf3 e6 3. g3 Nc6 4. Bg2 g6 5. 0-0 Bg7 6. c3 e5 7. Na3 d6 8. Nc2 Nf6 9. Re1 0-0 10. d4 cxd4 11. cxd4 Nxd4 12. Ncxd4 exd4 13. Nxd4 Ng4 14. Nb3 a5 15. h3 Ne5 16. Bf4 a4 17. Nd4 Qb6 18. Ne2 Qxb2 19. Qxd6 Nc4 20. Qc7 Be6 21. Rab1 Qxa2 22. Qxb7 a3 23. e5 Nxe5 24. Nc1 Qc2 25. Bxe5 Bxe5 26. Rxe5 Rab8 27. Qxb8 Rxb8 28. Rxb8+ Kg7 29. Re1 Qd2 30. Kf1 Bc4+ 31. Ne2 a2 32. Ra8 Qb2 33. Bf3 Qc3 34. Be4 Qe5 35. Bf3 Qf6 36. Kg2 Qb2 37. Nf4 h5 38. h4 Bb3 39. Ra7 Qc3 40. Rg1 Qd4 41. Ra3 Qb2 42. Ra7 Qd4 43. Ra3 Qb2 1/2-1/2

[Event "CRO-chT2 Center 25th"]
[Site "Croatia"]
[Date "2016.04.17"]
[Round "5.63"]
[White "Raljic, Mirko"]
[Black "Skrbin, Kresimir"]
[Result "1/2-1/2"]
[WhiteElo "2144"]
[BlackElo "2255"]
[PlyCount "72"]
[EventDate "2016.03.13"]
[EventType "team-tourn"]
[EventRounds "11"]
[EventCountry "CRO"]
[SourceTitle "EXT 2019"]
[Source "ChessBase"]
[SourceDate "2018.10.10"]
[SourceVersion "1"]
[SourceVersionDate "2018.10.10"]
[SourceQuality "1"]

1. e4 d5 2. exd5 Qxd5 3. Nc3 Qd6 4. d4 Nf6 5. Nf3 c6 6. h3 Bf5 7. Bd3 Bxd3 8. Qxd3 Nbd7 9. 0-0 g6 10. Ne4 Nxe4 11. Qxe4 Bg7 12. c3 Nf6 13. Qf4 Qxf4 14. Bxf4 0-0 15. Rfe1 e6 16. Rad1 Rfc8 17. Be5 a5 18. a4 b5 19. Bxf6 Bxf6 20. Ne5 Be7 21. d5 cxd5 22. axb5 Bf8 23. Nc6 Rc7 24. b3 a4 25. Ra1 a3 26. Ra2 Rb7 27. c4 Bg7 28. Rd1 Bb2 29. Rd2 Rc8 30. Raxb2 axb2 31. Rxb2 Kf8 32. Kf1 dxc4 33. bxc4 Ke8 34. Ra2 Rb6 35. Ke2 Rbxc6 36. bxc6 Rxc6 1/2-1/2

[Event "CRO-chT2 Center 25th"]
[Site "Croatia"]
[Date "2016.03.13"]
[Round "1.53"]
[White "Bjelicic, Jan"]
[Black "Raljic, Mirko"]
[Result "1/2-1/2"]
[WhiteElo "2169"]
[BlackElo "2144"]
[PlyCount "73"]
[EventDate "2016.03.13"]
[EventType "team-tourn"]
[EventRounds "11"]
[EventCountry "CRO"]
[SourceTitle "EXT 2019"]
[Source "ChessBase"]
[SourceDate "2018.10.10"]
[SourceVersion "1"]
[SourceVersionDate "2018.10.10"]
[SourceQuality "1"]

1. e4 c5 2. Nf3 e6 3. c3 Nf6 4. e5 Nd5 5. d4 cxd4 6. cxd4 Nc6 7. Nc3 Nxc3 8. bxc3 Be7 9. Bd3 d6 10. exd6 Qxd6 11. Qe2 0-0 12. 0-0 b6 13. Qe4 g6 14. Bf4 Qd5 15. Qe3 Bb7 16. Be4 Qd7 17. h4 h5 18. Bg5 Rac8 19. Rfe1 Rfe8 20. Bf4 Bf6 21. Bg3 Na5 22. Nd2 Bg7 23. Qf3 Bd5 24. Bxd5 exd5 25. Rxe8+ Rxe8 26. Qd3 Qc6 27. Nf3 Nc4 28. Re1 Rxe1+ 29. Nxe1 Qa4 30. Qe2 Bf6 31. Nd3 Qa3 32. Nb4 Qxc3 33. Nxd5 Qc1+ 34. Kh2 Bxd4 35. Qe8+ Kg7 36. Ne7 Kf6 37. Nd5+ 1/2-1/2

[Event "CRO-chT2 Center 25th"]
[Site "Croatia"]
[Date "2016.03.13"]
[Round "2.23"]
[White "Raljic, Mirko"]
[Black "Ivekovic, Bozidar1111"]
[Result "0-1"]
[WhiteElo "2144"]
[BlackElo "2362"]
[PlyCount "120"]
[EventDate "2016.03.13"]
[EventType "team-tourn"]
[EventRounds "11"]
[EventCountry "CRO"]
[SourceTitle "EXT 2019"]
[Source "ChessBase"]
[SourceDate "2018.10.10"]
[SourceVersion "1"]
[SourceVersionDate "2018.10.10"]
[SourceQuality "1"]

1. e4 c5 2. Nc3 Nc6 3. g3 Nf6 4. Bg2 g6 5. d3 Bg7 6. Be3 d6 7. h3 0-0 8. Qd2 Rb8 9. Bh6 b5 10. Bxg7 Kxg7 11. Nf3 Ba6 12. 0-0 c4 13. Nd5 e5 14. Nxf6 Qxf6 15. dxc4 bxc4 16. c3 Rb6 17. Rfd1 Nb8 18. Nh2 Nd7 19. Ng4 Qe6 20. Ne3 Rfb8 21. Rab1 Nf6 22. Qe2 Qe8 23. Qc2 Bb5 24. b3 cxb3 25. axb3 Qc8 26. c4 Bd7 27. Kh2 Qb7 28. Nd5 Nxd5 29. Rxd5 Be6 30. Rd3 a5 31. Qd2 Bxc4 32. Rxd6 Bxb3 33. f4 Rxd6 34. Qxd6 exf4 35. gxf4 a4 36. e5 Qb6 37. Qd7 Qe6 38. Qd2 Rc8 39. Qe3 Rc2 40. Kg1 Bd5 41. Bf1 Bb3 42. Bd3 Rc3 43. Qd4 Rc8 44. Kh2 Qd5 45. Qxd5 Bxd5 46. Rb5 Be6 47. Ra5 Rc3 48. Be4 Rxh3+ 49. Kg2 Re3 50. Bd5 Bxd5+ 51. Rxd5 a3 52. Ra5 h5 53. Kf2 Rb3 54. Ra7 Kf8 55. Kg2 h4 56. Ra4 Ke7 57. Ra6 Rg3+ 58. Kf2 Rh3 59. Kg2 Rc3 60. Kh2 Rf3 0-1

[Event "Bosnjaci op 21st"]
[Site "Bosnjaci"]
[Date "2016.01.08"]
[Round "8"]
[White "Dejanovic, Mladen"]
[Black "Raljic, Mirko"]
[Result "1-0"]
[WhiteElo "2032"]
[BlackElo "2175"]
[PlyCount "153"]
[EventDate "2016.01.03"]
[EventType "swiss"]
[EventRounds "9"]
[EventCountry "CRO"]
[SourceTitle "CBM 170 Extra"]
[Source "ChessBase"]
[SourceDate "2016.02.25"]
[SourceVersion "1"]
[SourceVersionDate "2016.02.25"]
[SourceQuality "1"]

1. e4 c5 2. c3 Nf6 3. e5 Nd5 4. d4 cxd4 5. Nf3 Nc6 6. cxd4 e6 7. Bc4 Nb6 8. Bb3 Be7 9. Nc3 d6 10. 0-0 0-0 11. Be3 Nb4 12. Ne4 d5 13. Ng3 Bd7 14. a3 Nc6 15. Qd3 f5 16. exf6 gxf6 17. Bc2 Rf7 18. Bf4 Qf8 19. Nh5 Kh8 20. Rfe1 Qg8 21. Bg3 Nc4 22. Nf4 Rg7 23. Nh4 Nd6 24. Nh5 Rf7 25. Qe3 Qg5 26. Nf4 Nd8 27. Nfg6+ hxg6 28. Nxg6+ Kg7 29. Qxg5 fxg5 30. Nxe7 Nc4 31. Ng6 Nc6 32. Rad1 Rc8 33. Re2 Nxb2 34. Rb1 Nc4 35. Bd3 Nxd4 36. Ree1 Nf5 37. Ne5 Nxe5 38. Bxe5+ Kf8 39. Rxb7 Bc6 40. Rb4 Ke7 41. h3 Rg8 42. Rc1 Kd7 43. Rg4 Nh4 44. Rb4 Ng6 45. Bd4 e5 46. Bxg6 Rxg6 47. Bxe5 Re6 48. Bd4 a5 49. Rb6 Rf4 50. Be3 Rf5 51. Ra6 a4 52. Ra7+ Kd6 53. Rg7 Bb5 54. Rxg5 Rxg5 55. Bxg5 d4 56. h4 Kd5 57. h5 Be2 58. f3 Re5 59. f4 Rf5 60. h6 Rf7 61. Kf2 Bh5 62. Rh1 Bg6 63. g4 Ke4 64. Re1+ Kd3 65. Re6 Bh7 66. Re7 Rxe7 67. Bxe7 Ke4 68. f5 Ke5 69. Ke2 Kd5 70. Kd3 Ke5 71. Bc5 Kf6 72. Kxd4 Bg8 73. Kc3 Kg5 74. Be3+ Kf6 75. Kd4 Bb3 76. Kc5 Bg8 77. Kb4 1-0

[Event "Bosnjaci op 21st"]
[Site "Bosnjaci"]
[Date "2016.01.07"]
[Round "7"]
[White "Raljic, Mirko"]
[Black "Skvorc, Emanuel"]
[Result "1/2-1/2"]
[WhiteElo "2175"]
[BlackElo "1929"]
[PlyCount "97"]
[EventDate "2016.01.03"]
[EventType "swiss"]
[EventRounds "9"]
[EventCountry "CRO"]
[SourceTitle "CBM 170 Extra"]
[Source "ChessBase"]
[SourceDate "2016.02.25"]
[SourceVersion "1"]
[SourceVersionDate "2016.02.25"]
[SourceQuality "1"]

1. e4 c5 2. Nc3 Nc6 3. f4 g6 4. Nf3 Bg7 5. Bc4 e6 6. d3 Nge7 7. 0-0 0-0 8. a3 d6 9. Qe1 Nd4 10. Nxd4 cxd4 11. Ne2 d5 12. Ba2 dxe4 13. dxe4 b6 14. Ng3 Qc7 15. Bb3 a5 16. a4 Qc5 17. Kh1 Kh8 18. Qf2 Ba6 19. Rd1 Rad8 20. e5 Bb7 21. Re1 Rd7 22. Ne4 Bxe4 23. Rxe4 Rfd8 24. Bd2 Qc6 25. Ree1 Bf8 26. Rad1 Nf5 27. Bc1 Bc5 28. Rd3 b5 29. Qf3 Qxf3 30. gxf3 b4 31. Kg2 Kg7 32. Kf2 Kf8 33. Ke2 Ke7 34. Bc4 Rc7 35. Red1 Bb6 36. Bb3 Rdc8 37. Rh1 h5 38. Rd2 Ba7 39. Kd3 Bb6 40. Re2 Ba7 41. Bd2 Bb6 42. Rc1 Ba7 43. Ree1 Bb6 44. c3 dxc3 45. bxc3 bxc3 46. Bxc3 Rd8+ 47. Ke2 Nd4+ 48. Bxd4 Rxd4 49. Rxc7+ 1/2-1/2

[Event "Zagreb op"]
[Site "Zagreb"]
[Date "2015.04.23"]
[Round "8"]
[White "Jovanic, Ognjen"]
[Black "Raljic, Mirko"]
[Result "1-0"]
[WhiteElo "2474"]
[BlackElo "2146"]
[PlyCount "147"]
[EventDate "2015.04.17"]
[EventType "swiss"]
[EventRounds "9"]
[EventCountry "CRO"]
[SourceTitle "CBM 166 Extra"]
[Source "ChessBase"]
[SourceDate "2015.06.18"]
[SourceVersion "1"]
[SourceVersionDate "2015.06.18"]
[SourceQuality "1"]

1. d4 Nf6 2. c4 g6 3. Nc3 Bg7 4. e4 d6 5. Nf3 0-0 6. h3 e5 7. d5 a5 8. g4 Na6 9. Be3 Kh8 10. Rg1 Ng8 11. h4 f5 12. gxf5 gxf5 13. exf5 Bxf5 14. Ng5 Nc5 15. Qd2 Qd7 16. 0-0-0 a4 17. Bxc5 dxc5 18. f3 h6 19. Nge4 b6 20. Bd3 Bh7 21. Be2 a3 22. b3 Rf4 23. Rg4 Raf8 24. Rdg1 R8f7 25. Bd1 Nf6 26. Nxf6 Bxf6 27. Qe3 Rxg4 28. Rxg4 e4 29. Nxe4 Qe7 30. Kd2 Bg7 31. Ke1 Qe5 32. Rg2 Re7 33. Re2 Qh5 34. Qf4 Qe8 35. d6 cxd6 36. Nxd6 Qd7 37. Rxe7 Qxe7+ 38. Be2 Bg6 39. Ne4 Kh7 40. Bd3 Be5 41. Qg4 h5 42. Qh3 Bf6 43. Kf1 Bxh4 44. Nf2 Bxd3+ 45. Nxd3 Kh6 46. Qf5 Qd8 47. Qe4 Bf6 48. Nf4 Qd1+ 49. Kg2 Qd2+ 50. Kg3 h4+ 51. Kg4 Qd7+ 52. Ne6 Qe8 53. Qe3+ Kg6 54. Nf4+ Kf7 55. Qxe8+ Kxe8 56. Ng2 Kd7 57. Nxh4 Kc6 58. Ng2 b5 59. Ne1 bxc4 60. bxc4 Kd6 61. Kf5 Bd4 62. Nd3 Ke7 63. Kg6 Kf8 64. f4 Ke8 65. Ne5 Ke7 66. Ng4 Ke6 67. f5+ Ke7 68. Nh2 Bb2 69. Nf3 Bc3 70. Ng5 Bb2 71. Nh7 Bd4 72. f6+ Bxf6 73. Nxf6 Ke6 74. Ng4 1-0

[Event "Velika Gorica op 12th"]
[Site "Velika Gorica"]
[Date "2014.08.25"]
[Round "6"]
[White "Raljic, Mirko"]
[Black "Pozgaj, Hrvoje"]
[Result "0-1"]
[WhiteElo "2063"]
[BlackElo "1891"]
[PlyCount "98"]
[EventDate "2014.08.18"]
[EventType "swiss"]
[EventRounds "9"]
[EventCountry "CRO"]
[SourceTitle "EXT 2015"]
[Source "ChessBase"]
[SourceDate "2014.11.20"]
[SourceVersion "1"]
[SourceVersionDate "2014.11.20"]
[SourceQuality "1"]

1. e4 c5 2. Nc3 Nc6 3. f4 e6 4. Nf3 g6 5. Bc4 Nge7 6. d3 Bg7 7. 0-0 0-0 8. Bb3 d5 9. e5 a6 10. a3 Nf5 11. Ba2 b5 12. Qe1 Bb7 13. Qf2 Rc8 14. Ne2 h5 15. c3 d4 16. Rd1 Qd7 17. Ng3 Nxg3 18. hxg3 Rfd8 19. Ng5 Ne7 20. c4 Nf5 21. Bd2 Bf8 22. Rac1 Be7 23. Nf3 Qc7 24. b4 Qb6 25. Rb1 Rb8 26. Rdc1 Rdc8 27. Qe1 Bc6 28. Kh2 Nh6 29. bxc5 Bxc5 30. Bb4 Ng4+ 31. Kg1 Bxf3 32. gxf3 Ne3 33. Kf2 Qa7 34. Qd2 a5 35. Bxc5 Rxc5 36. cxb5 Rcxb5 37. Rxb5 Rxb5 38. Bc4 Rb6 39. a4 Qb7 40. Bb5 Rxb5 41. axb5 Qxb5 42. Rc8+ Kg7 43. Ra8 a4 44. Ra5 Qb3 45. Ke2 a3 46. g4 Qb1 47. Qe1 a2 48. gxh5 Qxe1+ 49. Kxe1 a1Q+ 0-1

[Event "Bosnjaci op 18th"]
[Site "Bosnjaci"]
[Date "2013.01.05"]
[Round "4"]
[White "Raljic, Mirko"]
[Black "Abdil, Halil"]
[Result "0-1"]
[WhiteElo "2067"]
[BlackElo "2282"]
[PlyCount "38"]
[EventDate "2013.01.03"]
[EventType "swiss"]
[EventRounds "9"]
[EventCountry "CRO"]
[SourceTitle "CBM 152 Extra"]
[Source "ChessBase"]
[SourceDate "2013.02.25"]
[SourceVersion "1"]
[SourceVersionDate "2013.02.25"]
[SourceQuality "1"]

1. e4 c5 2. Nc3 d6 3. f4 Nc6 4. Nf3 g6 5. Bc4 Bg7 6. 0-0 e6 7. d3 Nge7 8. Qe1 0-0 9. f5 gxf5 10. Qh4 Ng6 11. Qh5 fxe4 12. Nxe4 d5 13. Bg5 f6 14. Bxf6 Bxf6 15. Nfg5 Bxg5 16. Nxg5 Qe7 17. Rxf8+ Nxf8 18. Rf1 Bd7 19. Rf7 Be8 0-1